Paleoethnobotany : a handbook of procedures /

محفوظ في:

المؤلف الرئيسي: Pearsall, Deborah M.

التنسيق: كتاب

اللغة: English

منشور في: San Diego : Academic Press, 1989.

الموضوعات:

الوسوم: إضافة وسم

لا توجد وسوم, كن أول من يضع وسما على هذه التسجيلة!

رقم الطلب: CC79.5 .P5 P43 1989

LEADER 00717cam a2200241 a 4500
001 88028814 //r92
003 OSt
005 20251029073625.0
008 880830s1989 caua b 001 0 eng
020 |a 0125480407 (alk. paper) 
040 |c ARCE Library 
050 4 |a CC79.5 .P5 P43 1989 
100 1 |a Pearsall, Deborah M. 
245 1 0 |a Paleoethnobotany :   |b a handbook of procedures /   |c Deborah M. Pearsall. 
260 |a San Diego :  |b Academic Press,  |c 1989. 
300 |a xii, 470 p. :  |b ill. ;  |c 25 cm. 
504 |a Includes bibliographies and index. 
650 0 |a Plant remains (Archaeology) 
650 0 |a Ethnobotany. 
650 0 |a Paleoethnobotany. 
901 |a reviewed 
942 |2 lcc  |c BK 
999 |c 55104  |d 55104